| 000 | 00568cas a22001935a 4500 | ||
|---|---|---|---|
| 001 | L113752 | ||
| 008 | 010725d20012003xxkux p a eng u | ||
| 035 | _a(Sirsi) u113752 | ||
| 041 | 0 | _aeng | |
| 110 | 2 |
_aRoyal Institution of Chartered Surveyors _bPlant and Machinery Faculty _94356 |
|
| 245 | 0 | 0 | _aPlant and Machinery Newsletter |
| 260 |
_aLondon _bRICS _c2001-2003 |
||
| 362 | 0 | _aJuly 2001-February 2003 | |
| 554 | _aIrregular | ||
| 650 | _aPLANT AND MACHINERY | ||
| 651 | 4 |
_aUnited Kingdom _y |
|
| 690 | _aBUILDING AND CONSTRUCTION-ENGINEERING | ||
| 942 | _n0 | ||
| 999 |
_c118745 _d118745 |
||